000 00629nam a22001817a 4500
999 _c188485
_d188485
005 20220525103400.0
010 _aENG-132811
020 _a9788181715562
_c1600.00
035 _aEN-116343
037 _bDBAD/PUB
082 _a593.6095488
100 _aRaghunathan, C.
245 _aCorals and Associated Fauna:
_bIn North Reef, INterview, Latocuhe, Kwangtung and Shark Islands Sanctuaries, North Andaman/
_cC. Raghunathan
260 _aKolkata
_bZoological Survey of India
_c2020
270 _a535, M-Block, New Alipore
_bKolkata
_e700053
300 _a188p
_c24cm(pbk)
942 _2ddc
_cEN
_h593.6095488
_mRAG